| 000 | 00457cam a22001337a 4500 | ||
|---|---|---|---|
| 008 | 180718b-- xxu||||| |||| 00| 0 eng d | ||
| 082 | _aA45:YA084 DSIR | ||
| 100 | _aIndia. Ministry of Science and Technology. Department of Scientific and Industrial Research | ||
| 245 | _aAnnual report | ||
| 260 |
_aNew Delhi _bThe author _c-- |
||
| 500 | _aLibrary has 1993/94-2004/05, 2006/07-2008/09 | ||
| 650 | _aResearch, Industrial - India | ||
| 650 | _aResearch - India | ||
| 999 |
_c482435 _d482435 |
||